| 000 | 00864nam a2200253 4500 | ||
|---|---|---|---|
| 005 | 20180803165155.0 | ||
| 008 | 140314s2002 nyud||||r|||| 00| 0 eng d | ||
| 020 | _a9280722182 | ||
| 040 |
_aCO-BoIAVH _cCO-BoIAVH |
||
| 041 | 0 | _aspa | |
| 044 | _axxu | ||
| 082 | 0 | 4 |
_a354.328 _bI61a |
| 245 | 0 | 0 |
_aIntegrated assessment of trade liberalization and trade-related policies _ba country study on the Banana sector in Ecuador / |
| 260 |
_aNueva York : _bUNEP, _c2002. |
||
| 300 |
_a78 páginas : _bgráficas y tablas ; _c26 x 20 cm. |
||
| 504 | _aIncluye referencias bibliográficas. | ||
| 650 | 1 | 6 |
_aSector bananero _xpolíticas |
| 650 | 2 | 6 |
_aBanano _xproducción |
| 650 | 2 | 6 | _aPolítica ambiental |
| 650 | 2 | 4 | _aValoración ambiental |
| 662 | _aEcuador | ||
| 710 | 2 | _aUnited Nations Environment Programme | |
| 942 |
_cLIBRO _2ddc |
||
| 999 |
_c4272 _d4272 |
||